| 000 | 01115nac a22003377a 4500 | ||
|---|---|---|---|
| 001 | BR0305951 | ||
| 003 | BR-BrBNA | ||
| 005 | 20240105122922.0 | ||
| 008 | 230509b bl.|||m| |||| 00| 0 por d | ||
| 040 |
_aBR-BrBNA _bpor _cBiblioteca Nacional de Agricultura |
||
| 072 | _aF04; H20 | ||
| 090 | _a0150 BR0305951 | ||
| 100 | 1 | _aGuimarãess, C.M. | |
| 100 | 1 | _aPrabhu, A.S. | |
| 110 | 1 | _aEMBRAPA Arroz e Feijão, Santo Antônio de Goiás, GO (Brasil) | |
| 245 | 1 | _aAdubação orgânica no arroz de terras altas: relacionamentos entre brusone, esterilidade de espiguetas e produtividade | |
| 260 | 3 |
_aSanto Antônio de Goiás, GO (Brasil): _c2002. |
|
| 300 | _a2 p. | ||
| 490 |
_aComunicado Técnico - EMBRAPA Arroz e Feijão (Brazil) _vno. 42 _xISSN 1677-910X |
||
| 650 | _aARROZ | ||
| 650 | _aADUBO ORGÂNICO | ||
| 650 | _aEFEITO RESIDUAL | ||
| 650 | _aANÁLISE COMPARATIVA | ||
| 650 | _aBRUSONE | ||
| 650 | _aESPIGUETA | ||
| 650 | _aESTERILIDADE | ||
| 650 | _aPRÁTICA CULTURAL | ||
| 650 | _aVARIEDADE RESISTENTE | ||
| 909 |
_a202312 _bLúcia Elande _c55 _dLúcia Elande |
||
| 942 |
_2AGRIS _n0 _cMS |
||
| 999 |
_c293311 _d293311 |
||